000 01195nam0a2200313 4500
001 RU\NLR\bibl\5725
005 20260408183445.0
021 _aRU
_b98-8445
_9396
035 _a(NLR Aleph) 000005579
090 _a15912
_c15912
100 _a19980903d1995 u y0rusy50 ca
101 0 _arus
102 _aRU
105 _a|||||||||||||
200 1 _aПравда о справедливости
_fИгорь Шохов
210 _aМ.
_cСамиздат
_d1995
215 _a131 с.
_cпортр.
_d20
300 _aНа обороте тит. л. авт. инж.: И.П.Шохов
320 _aБиблиогр.: с. 130-131
606 _aСправедливость (этич.)
_jПопулярные издания
_3RU\NLR\auth\661039382
_91669869
606 _aСправедливость (этич.)
_jПопулярная литература
_3RU\NLR\auth\661039382
_91669869
686 _aЮ703.12я9
700 1 _4070
_8rus
_7ca
_aШохов
_bИ. П.
_gИгорь Петрович
_3RU\NLR\auth\775990
_9115946
801 0 _aRU
_bNLR
_c19980903
_gPSBO
801 1 _aRU
_bNLR
_c19980903
830 _aАвт. раскрыт по кн.
852 _aNLR
_j98-3/2716
942 _cBOOK
980 _aNB